|
|
|
|
| LEADER |
00000nam2a2200000 4500 |
| 001 |
366345 |
| 005 |
20231102011855.0 |
| 035 |
|
|
|a (RuTPU)RU\TPU\retro\23708
|
| 090 |
|
|
|a 366345
|
| 100 |
|
|
|a 20220204d1979 km y0rusy50 ca
|
| 101 |
0 |
|
|a rus
|
| 102 |
|
|
|a RU
|
| 105 |
|
|
|a a z 001zy
|
| 200 |
0 |
|
|a Ч. 2
|
| 210 |
|
|
|d 1979
|
| 215 |
|
|
|a 134 с.
|c ил.
|
| 320 |
|
|
|a Библиогр. в конце гл.
|
| 461 |
|
1 |
|0 (RuTPU)RU\TPU\retro\23705
|t Взаимодействие электромагнитных колебаний сверхвысоких частот с плазмой носителей заряда в полупроводнике
|o в 2 ч.
|f Л. И. Кац, А. А. Сафонов
|v Ч. 2
|d 1979
|
| 606 |
1 |
|
|a Полупроводниковые приборы сверхвысокочастотные
|2 stltpush
|3 (RuTPU)RU\TPU\subj\50718
|9 69368
|
| 610 |
1 |
|
|a электромагнитные колебания
|
| 610 |
1 |
|
|a сверхвысокие частоты
|
| 610 |
1 |
|
|a сверхвысокие частоты
|
| 610 |
1 |
|
|a взаимодействие
|
| 610 |
1 |
|
|a полупроводники
|
| 610 |
1 |
|
|a плазма
|
| 610 |
1 |
|
|a твердые тела
|
| 610 |
1 |
|
|a СВЧ
|
| 675 |
|
|
|a 621.385.6:621.382
|v 4
|
| 801 |
|
1 |
|a RU
|b 63413507
|c 20220204
|
| 942 |
|
|
|c BK
|